Palworld Pals - Statistics

General Stats
  • This quiz has been taken 21 times
  • The average score is 32 of 155
Answer Stats
palpedia number Answer % Correct
103 Grizzbolt
78%
1 Lamball
78%
111 Jetragon
67%
11 Penking
67%
100 Anubis
56%
2 Cattiva
56%
3 Chikipi
56%
55 Chillet
56%
107 Shadowbeak
56%
5 Foxparks
44%
110 Frostallion
44%
6 Fuack
44%
4 Lifmunk
44%
90 Mammorest
44%
77 Verdash
44%
96 Blazamut
33%
83 Cryolinx
33%
43 Dumud
33%
105 Faleris
33%
12 Jolthog
33%
101 Jormuntide
33%
75 Katress
33%
104 Lyleen
33%
106 Orserk
33%
87 Petallia
33%
58 Pyrin
33%
95 Quivern
33%
60 Rayhound
33%
9 Rooby
33%
113 Selyne
33%
7 Sparkit
33%
102 Suzaku
33%
8 Tanzee
33%
68 Tombat
33%
76 Wixen
33%
42 Arsox
22%
98 Astegon
22%
136 Azurmane
22%
137 Bastigor
22%
73 Beakon
22%
112 Bellanoir
22%
84 Blazehowl
22%
86 Broncherry
22%
72 Bushi
22%
35 Caprity
22%
44 Cawgnito
22%
132 Celesdir
22%
19 Daedream
22%
17 Depresso
22%
51 Elizabee
22%
32 Hangyu
22%
97 Helzephyr
22%
15 Hoocrates
22%
149 Jellroy
22%
89 Kingpaca
22%
61 Kitsun
22%
45 Leezpunk
22%
46 Loupmoon
22%
29 Mozzarina
22%
109 Necromus
22%
155 Neptilius
22%
128 Nitemary
22%
38 Nitewing
22%
139 Nyafia
22%
108 Paladius
22%
74 Ragnahawk
22%
85 Relaxaurus
22%
48 Robinquill
22%
116 Shroomer
22%
65 Surfent
22%
27 Tocotoco
22%
71 Vanwyrm
22%
14 Vixy
22%
154 Whalaska
22%
34 Woolipop
22%
126 Xenogard
22%
127 Xenolord
22%
82 Azurobe
11%
50 Beegarde
11%
145 Braloha
11%
30 Bristla
11%
25 Celaray
11%
41 Cinnamoth
11%
18 Cremis
11%
114 Croajiro
11%
123 Dazemu
11%
62 Dazzi
11%
64 Dinossom
11%
26 Direhowl
11%
122 Dogen
11%
37 Eikthyrdeer
11%
80 Elphidran
11%
94 Felbat
11%
93 Fenglope
11%
152 Finsider
11%
70 Flambelle
11%
28 Flopie
11%
143 Frostplume
11%
22 Fuddler
11%
47 Galeclaw
11%
153 Ghangler
11%
140 Gildane
11%
151 Gloopie
11%
31 Gobfin
11%
49 Gorirat
11%
52 Grintale
11%
141 Herbil
11%
142 Icelyn
11%
40 Incineram
11%
150 Jelliete
11%
81 Kelpsea
11%
117 Kikit
11%
23 Killamari
11%
120 Knocklem
11%
69 Lovander
11%
115 Lullu
11%
66 Maraith
11%
24 Mau
11%
36 Melpaca
11%
99 Menasting
11%
124 Mimog
11%
146 Munchill
11%
21 Nox
11%
133 Omascul
11%
144 Palumba
11%
10 Penguillet
11%
147 Polapup
11%
119 Prixter
11%
138 Prunelia
11%
59 Reindrix
11%
88 Reptyro
11%
39 Ribunny
11%
20 Rushoar
11%
79 Sibelyx
11%
130 Silvegis
11%
131 Smokie
11%
118 Sootseer
11%
129 Starryon
11%
53 Swee
11%
54 Sweepa
11%
135 Tarantriss
11%
16 Teafant
11%
148 Turtacle
11%
56 Univolt
11%
78 Vaelet
11%
92 Warsect
11%
91 Wumpo
11%
125 Xenovader
11%
121 Yakumo
11%
67 Digtoise
0%
57 Foxcicle
0%
13 Gumoos
0%
63 Luranis
0%
33 Mossanda
0%
134 Spatterina
0%
No matching quizzes found
Score Distribution
Percent of People with Each Score
Percentile by Number Answered
Your Score History
You have not taken this quiz